Frankreich Politik, Gesellschaft, Wirtschaft

Guardado en:
Detalles Bibliográficos
Otros Autores: Haensch, Günther, Tümmers, Hans J.
Formato: Libro
Lenguaje:alemán
Publicado: München Beck 1993
Edición:2. neubearb Aufl.
Colección:Beck'sche Reihe 831
Materias:
Etiquetas: Agregar Etiqueta
Sin Etiquetas, Sea el primero en etiquetar este registro!

MARC

LEADER 00000nam a2200000 4500
001 c010490
005 20221206074457.2
020 |a 3-406-37491-3 
041 0 |a ger 
044 |a DE 
245 1 0 |a Frankreich  |b Politik, Gesellschaft, Wirtschaft  |c Edit. Günther Haensch, Hans J. Tümmers 
250 |a 2. neubearb Aufl. 
264 1 |a München  |b Beck  |c 1993 
300 |a 418 s. 
490 1 |a Beck'sche Reihe  |v 831 
830 0 |a Beck'sche Reihe  |v 831 
610 2 0 |a Francúzsko 
610 2 0 |a geografia 
610 2 0 |a politika 
610 2 0 |a štát 
610 2 0 |a spoločnosť 
610 2 0 |a obyvateľstvo 
610 2 0 |a rozvoj hospodársky 
610 2 0 |a vzdelanie 
700 1 |a Haensch, Günther 
700 1 |a Tümmers, Hans J.